Statistiche per La cultura nei colori #1 - Rosa

Clicka qui per fare il quiz!

Statistiche generali

  • Questo quiz è stato fatto 818 volte
  • Il punteggio medio è 11 su 22

Statistiche sulle risposte

DefinizioneRisposta% Corretto
Termine che indica un numero minimo di donne che devono far parte di un gruppo (es. parlamento)Quota rosa
90%
Uccello elegante amante dei gamberettiFenicottero rosa
83%
Famosa bambola americana il cui il colore rosa è onnipresenteBarbie
75%
Figura che indica i punti cardinali e gli orientamenti intermediRosa dei venti
75%
La maglia rosa viene assegnata al primo classificato di questa competizione sportivaGiro d'Italia
73%
Film di successo mondiale la cui eroina si chiama RoseTitanic
70%
Giornale sportivo che organizza questa competizioneGazzetta dello sport
67%
Squadra di calcio italiana che, insieme al nero, ha il rosa come colore socialePalermo
66%
Colore utilizzato nelle stampanti per ottenere il rosso ma che in realtà è rosaMagenta
58%
La Rosa che negli anni '50 si ribellò alle leggi segregazioniste americaneRosa Parks
58%
Varietà di rosa molto brillante che prende il nome da un fiore da giardino piuttosto diffusoFucsia
51%
Personaggio dei cartoni animati e dei film, la cui musica di Blake Edwards è diventata uno standard jazzPantera Rosa
51%
Il presidente di questa nazione risiede nella Casa RosadaArgentina
49%
Così è chiamato la variante di rosa scuro che richiama il tempo passatoRosa antico
42%
Prima grande interprete della canzone "La Vie en Rose"Edith Piaf
41%
Termine inglese con cui è chiamato il rosa brillanteRosa shocking
33%
Simbolo della persecuzione nazista contro gli omosessualiTriangolo rosa
27%
Nome dell'erba officinale e medicinale selvatica che è all'origine della pianta delle rose da giardinoRosa Canina
24%
Regione francese i cui vini rosati sono rinomatiProvenza
20%
Roccia formata dalla cristallizzazione del gesso, la cui forma e disposizione ricordano i petali di una rosaRosa del deserto
19%
In "Drive in" Gianfanco D'Angelo vestiva il costume di questo grande coniglio rosaIl Tenerone
8%
Il paramento rosa è tipico delle funzioni religiose della terza domenica dell'AvventoDomenica Gaudete
6%

Distribuzione punteggi

Percentile per numero di risposta

Percentuale di utenti per punteggio

I tuoi punteggi nel tempo

Non hai fatto questo quiz